Žurnal vyčislitel'noj matematiki i matematičeskoj fiziki

Salvato in:
Dettagli Bibliografici
Natura: Periodico
Pubblicazione: 1977
Tags: Aggiungi Tag
Nessun Tag, puoi essere il primo ad aggiungerne!!

MARC

LEADER 00000nas a22000003a 4500
001 stu71402
005 20141122000538.5
008 011106s1977----------------------------d
040 |a STU  |b slo 
041 0
245 |a Žurnal vyčislitel'noj matematiki i matematičeskoj fiziki 
260 |c 1977 
500 |a 6 
500 |a 1977 
500 |a 1-6 
773 0 |t Žurnal vyčislitel'noj matematiki i matematičeskoj fiziki  |w stu_us_cat*stu59189  |x 0044-4669  |7 nnas 
996 |d Tom 17, 1977  |v Tom 17  |y 1977  |l II680  |s A  |a 24  |w stu71402_0002